00351nam a2200109Ia 4500008004100000082000800041100002300049245005400072942000600126952009400132999001500226240331s9999 xx 000 0 und d bWOM aVoice of women. ed 0aWomen workers in the free trade zone of Sri Lanka cL 001040708LaWERCLbWERCLcSSCd2024-03-31l0o 331 WOMp715r2024-03-31w2024-03-31yL c2703d2703